Eminem Lyrics - Statistics

General Stats
  • This quiz has been taken 7,196 times
  • The average score is 5 of 10
Answer Stats
Hint Answer % Correct
There's vomit on his sweater already, mom's __________. spaghetti
92%
Hi kids! Do you like ________. violence
78%
Have you ever been hated or _________ against? discriminated
61%
I said I'm sorry ____. mama
59%
So the ___ won't let me be. FCC
49%
I'm supposed to be the _______ who never blows his composure. soldier
46%
______ women love Eminem. Feminist
44%
And since birth I've been cursed with this _____ to just _____. curse
41%
Too much _____ between you and I. pride
8%
_____________ is just not real enough. Amoxicilin
5%
No matching quizzes found
Score Distribution
Percent of People with Each Score
Percentile by Number Answered
Your Score History
You have not taken this quiz